000
00250nam a22000857a 4500
999
_c
11192
_d
11192
008
181009b ||||| |||| 00| 0 eng d
100
_a
SINGH, ANAMIKA
_9
6949
245
_a
RELIABLE QUESTION BANK SCIENCE - X
_b
TERM 1
260
_a
NEW DELHI
_b
ARORA ENTER PRISES